000
00289nam a2200121Ia 4500
008
190216s9999||||xx |||||||||||||| ||und||
100
_a
Goldberg R Richard
245
0
_a
Methods Of Real Analysis
260
_b
Oxford & I B H
_c
1964
300
_a
353p
650
_a
Mathematics
942
_c
BK
999
_c
30814
_d
30814